[Event "Sentjur Ipavec Memorial 9th"]
[Site "Sentjur"]
[Date "2008.11.14"]
[Round "6"]
[White "Vrankic, Zeljko"]
[Black "Gazvoda, Franc"]
[Result "0-1"]
[WhiteElo "2113"]
[BlackElo "2042"]
[PlyCount "96"]
[EventDate "2008.11.07"]
[EventType "swiss"]
[EventRounds "9"]
[EventCountry "SLO"]
[SourceTitle "EXT 2010"]
[Source "ChessBase"]
[SourceDate "2010.11.25"]
[SourceVersion "1"]
[SourceVersionDate "2010.11.25"]
[SourceQuality "1"]

1. e4 c5 2. Nc3 e6 3. f4 d5 4. Bb5+ Bd7 5. Bxd7+ Qxd7 6. d3 dxe4 7. Nxe4 Nc6 8. Nf3 Be7 9. Be3 b6 10. 0-0 Nf6 11. c3 Ng4 12. Qe2 Nxe3 13. Qxe3 Rd8 14. Rad1 0-0 15. Ne5 Qc7 16. Nxc6 Qxc6 17. f5 exf5 18. Rxf5 Qe6 19. Rf3 Qxa2 20. Qf2 Qe6 21. Re1 Qd7 22. Qg3 Rde8 23. Ref1 f5 24. Qh3 g6 25. Rg3 Qd5 26. Ng5 Bxg5 27. Rxg5 Qe5 28. Rg3 Re7 29. Qh4 Rfe8 30. Qg5 Rg7 31. Qd2 Rge7 32. Rgf3 Qe2 33. Qxe2 Rxe2 34. R1f2 Re1+ 35. Rf1 Rxf1+ 36. Rxf1 Re2 37. Rf2 Re1+ 38. Rf1 Rxf1+ 39. Kxf1 Kf7 40. Kf2 Kf6 41. Ke3 Ke6 42. Kf4 h6 43. h4 Kf6 44. d4 cxd4 45. cxd4 g5+ 46. Ke3 Ke6 47. g3 Kd5 48. b3 a5 0-1

[Event "Sentjur Ipavec Memorial 9th"]
[Site "Sentjur"]
[Date "2008.11.07"]
[Round "2"]
[White "Spelec, Darko"]
[Black "Vrankic, Zeljko"]
[Result "1/2-1/2"]
[WhiteElo "1960"]
[BlackElo "2113"]
[PlyCount "23"]
[EventDate "2008.11.07"]
[EventType "swiss"]
[EventRounds "9"]
[EventCountry "SLO"]
[SourceTitle "EXT 2010"]
[Source "ChessBase"]
[SourceDate "2010.11.25"]
[SourceVersion "1"]
[SourceVersionDate "2010.11.25"]
[SourceQuality "1"]

1. d4 d5 2. c4 Nc6 3. Nf3 e5 4. dxe5 Bb4+ 5. Bd2 dxc4 6. Qa4 Qe7 7. a3 Bxd2+ 8. Nbxd2 Bd7 9. Qxc4 Nxe5 10. Nxe5 Qxe5 11. Qe4 Qxe4 12. Nxe4 1/2-1/2

[Event "Sentjur Ipavec Memorial 8th"]
[Site "Sentjur"]
[Date "2007.12.09"]
[Round "5"]
[White "Gazvoda, Franc"]
[Black "Vrankic, Zeljko"]
[Result "0-1"]
[WhiteElo "2095"]
[BlackElo "1978"]
[PlyCount "148"]
[EventDate "2007.12.08"]
[EventType "swiss"]
[EventRounds "9"]
[EventCountry "SLO"]
[SourceTitle "EXT 2010"]
[Source "ChessBase"]
[SourceDate "2010.11.25"]
[SourceVersion "1"]
[SourceVersionDate "2010.11.25"]
[SourceQuality "1"]

1. e4 c5 2. Nf3 d6 3. d4 cxd4 4. Nxd4 Nf6 5. Nc3 a6 6. Be2 e5 7. Nb3 Be6 8. Bg5 Nbd7 9. 0-0 Be7 10. f4 exf4 11. Bxf4 0-0 12. Kh1 Nc5 13. Bf3 Qc7 14. Nd4 Rad8 15. Nd5 Nxd5 16. exd5 Bc8 17. Qd2 h6 18. c3 Bf6 19. Rae1 Rfe8 20. Re3 Rxe3 21. Qxe3 Qe7 22. Qxe7 Bxe7 23. Re1 Kf8 24. Bg3 Nd3 25. Re2 Bf6 26. Rd2 Ne5 27. Be2 Bd7 28. c4 Rc8 29. b3 Ke7 30. h3 g6 31. Nf3 b5 32. Nxe5 Bxe5 33. Bxe5 dxe5 34. Rc2 Kd6 35. a4 bxa4 36. bxa4 Rb8 37. a5 Kc5 38. Kg1 f5 39. Kf2 Rb3 40. Ke1 e4 41. Kd2 h5 42. h4 f4 43. Rc3 Rb2+ 44. Rc2 Rb4 45. Kc3 Bg4 46. Bxg4 hxg4 47. Kd2 Ra4 48. g3 e3+ 49. Ke2 fxg3 50. Kxe3 Rxa5 51. Kf4 g2 52. Rxg2 Kxc4 53. Rd2 Rxd5 54. Rc2+ Kb5 55. Rb2+ Kc6 56. Ra2 a5 57. Kxg4 Kb6 58. Rf2 Rd6 59. Kg5 a4 60. Rb2+ Ka5 61. Rb8 a3 62. Rb3 Ka4 63. Rb8 Ra6 64. Re8 a2 65. Re1 Kb3 66. Re3+ Ka4 67. Re1 Ka3 68. Rf1 Rb6 69. Rf3+ Rb3 70. Rf8 Rg3+ 71. Kf4 Rg1 72. Ra8+ Kb3 73. Rb8+ Kc4 74. Ra8 a1Q 0-1

[Event "Sentjur Ipavec Memorial 8th"]
[Site "Sentjur"]
[Date "2007.12.08"]
[Round "3"]
[White "Vrankic, Zeljko"]
[Black "Spelec, Darko"]
[Result "1-0"]
[WhiteElo "1978"]
[BlackElo "2019"]
[PlyCount "93"]
[EventDate "2007.12.08"]
[EventType "swiss"]
[EventRounds "9"]
[EventCountry "SLO"]
[SourceTitle "EXT 2010"]
[Source "ChessBase"]
[SourceDate "2010.11.25"]
[SourceVersion "1"]
[SourceVersionDate "2010.11.25"]
[SourceQuality "1"]

1. e4 e6 2. d4 d5 3. e5 c5 4. c3 Qb6 5. a3 Bd7 6. Nf3 c4 7. Be2 Nc6 8. 0-0 h6 9. Qc2 Na5 10. Nbd2 Ne7 11. Nh4 g5 12. Nhf3 Ng6 13. g3 Be7 14. Rd1 h5 15. Nf1 Nb3 16. Bxg5 Ba4 17. Re1 Qc6 18. Bd1 Nxa1 19. Qxa4 b5 20. Qa5 0-0 21. Bxe7 Nxe7 22. Qb4 Nf5 23. Ne3 Rfe8 24. a4 Rab8 25. a5 Nxe3 26. Rxe3 Qc7 27. Qa3 Nb3 28. Bxb3 cxb3 29. Qxb3 Qc4 30. Qd1 Kg7 31. Nh4 Rh8 32. Qf3 Rh6 33. Qf4 Qc7 34. Nf3 Qe7 35. h4 Rg6 36. Ng5 Rf8 37. Qf3 f6 38. exf6+ Rgxf6 39. Qxh5 Rh6 40. Qe2 a6 41. Re5 Qd7 42. f4 Kh8 43. Kg2 Qc8 44. Qe3 Qe8 45. f5 Qh5 46. fxe6 Qd1 47. Qe2 1-0

[Event "SLO Cup"]
[Site "Gostovanja"]
[Date "2005.09.23"]
[Round "3"]
[White "Susnik, Matej"]
[Black "Vrankic, Zeljko"]
[Result "1-0"]
[WhiteElo "2213"]
[BlackElo "1977"]
[PlyCount "133"]
[EventDate "2005.05.16"]
[EventType "team"]
[EventRounds "4"]
[EventCountry "SLO"]
[SourceTitle "EXT 2009"]
[Source "ChessBase"]
[SourceDate "2008.11.26"]
[SourceVersion "1"]
[SourceVersionDate "2008.11.26"]
[SourceQuality "1"]
[WhiteTeam "Kranj Tomo Zupan"]
[BlackTeam "Sentjur"]
[WhiteTeamCountry "SLO"]
[BlackTeamCountry "SLO"]

1. e4 c5 2. Nf3 e6 3. d4 cxd4 4. Nxd4 Nf6 5. Nc3 Nc6 6. Ndb5 d6 7. Bf4 Ne5 8. Bxe5 dxe5 9. Qxd8+ Kxd8 10. 0-0-0+ Bd7 11. Nd6 Bxd6 12. Rxd6 Kc7 13. Rd2 a6 14. Be2 Bc6 15. f3 Rhd8 16. Rhd1 Rxd2 17. Rxd2 Rd8 18. Rxd8 Kxd8 19. Kd2 Kd7 20. Nd1 Kd6 21. c4 b5 22. cxb5 Bxb5 23. Bxb5 axb5 24. Kc3 Kc5 25. a3 Ne8 26. Nf2 f6 27. Nd3+ Kc6 28. Kb4 Nc7 29. b3 Kb6 30. Nc5 Kc6 31. a4 bxa4 32. bxa4 f5 33. Nd3 Kd6 34. Ka5 fxe4 35. fxe4 Kc6 36. Nxe5+ Kc5 37. Nd7+ Kc6 38. Nf8 h6 39. Kb4 Na6+ 40. Kc4 Nc5 41. e5 Nxa4 42. Nxe6 g6 43. Kd4 Nb6 44. Nf8 g5 45. Ke4 Nd5 46. Ng6 Nc7 47. Ne7+ Kd7 48. Ng8 Ke6 49. Nxh6 Na6 50. Ng4 Nc5+ 51. Kd4 Nb3+ 52. Kd3 Na5 53. Ke4 Nc4 54. g3 Nd2+ 55. Ke3 Nc4+ 56. Kd4 Na5 57. h4 gxh4 58. gxh4 Nc6+ 59. Ke4 Ne7 60. h5 Nc6 61. Kf4 Kf7 62. Kg5 Nd8 63. Kf5 Ne6 64. h6 Nd4+ 65. Ke4 Ne6 66. Kd5 Nf4+ 67. Kd6 1-0

[Event "SLO-chT2"]
[Site "Slovenia"]
[Date "2003.10.17"]
[Round "8"]
[White "Nikolic, Stanko"]
[Black "Vrankic, Zeljko"]
[Result "0-1"]
[WhiteElo "2057"]
[BlackElo "1927"]
[PlyCount "63"]
[EventDate "2003.05.02"]
[EventType "team"]
[EventRounds "9"]
[EventCountry "SLO"]
[SourceTitle "EXT 2005"]
[Source "ChessBase"]
[SourceDate "2004.11.15"]
[SourceVersion "1"]
[SourceVersionDate "2004.11.15"]
[SourceQuality "1"]

1. e4 c5 2. Nf3 Nc6 3. d4 cxd4 4. Nxd4 d6 5. Nc3 Nf6 6. f3 g6 7. Be3 Bg7 8. Qd2 0-0 9. Bc4 a6 10. Bb3 Na5 11. 0-0-0 Nxb3+ 12. Nxb3 Qc7 13. g4 b5 14. g5 b4 15. Ne2 Nd7 16. Nf4 Bb7 17. Bd4 e5 18. Qxb4 exd4 19. Nxd4 Rab8 20. Qd2 Ne5 21. b3 Qc5 22. Kb1 Rfc8 23. Nfe2 Ba8 24. h4 Nc4 25. Qc1 Na3+ 26. Kb2 Nb5 27. c3 Bxd4 28. Nxd4 Nxc3 29. Rd3 Na4+ 30. Kb1 Qxc1+ 31. Rxc1 Rxc1+ 32. Kxc1 0-1

[Event "SLO-chT2"]
[Site "Slovenia"]
[Date "2003.09.18"]
[Round "6"]
[White "Miletic, Dean"]
[Black "Vrankic, Zeljko"]
[Result "1-0"]
[WhiteElo "1836"]
[BlackElo "1927"]
[PlyCount "65"]
[EventDate "2003.05.02"]
[EventType "team"]
[EventRounds "9"]
[EventCountry "SLO"]
[SourceTitle "EXT 2005"]
[Source "ChessBase"]
[SourceDate "2004.11.15"]
[SourceVersion "1"]
[SourceVersionDate "2004.11.15"]
[SourceQuality "1"]

1. e4 c5 2. Nf3 e6 3. d4 cxd4 4. Nxd4 Nc6 5. Nc3 d6 6. Bc4 Nf6 7. Bb3 Be7 8. Be3 a6 9. 0-0 0-0 10. f4 Qc7 11. Qf3 Nxd4 12. Bxd4 b5 13. e5 Bb7 14. exf6 Bxf3 15. fxe7 Qxe7 16. Rxf3 d5 17. f5 Qd6 18. Re1 Rfe8 19. Rg3 e5 20. Bf2 d4 21. Ne4 Qc6 22. Bd5 Qxc2 23. Nf6+ Kh8 24. Nxe8 Rxe8 25. Bxf7 Rf8 26. Rxe5 d3 27. Bb3 Qc1+ 28. Re1 d2 29. Rd1 Re8 30. Bd4 Qxd1+ 31. Bxd1 Re1+ 32. Kf2 Rxd1 33. Ke2 1-0